| 000 | 00419nam a2200133Ia 4500 | ||
|---|---|---|---|
| 008 | 151021s9999 xx 000 0 und d | ||
| 020 | _a9966364579 | ||
| 050 | _aHQ769.M 2009 | ||
| 245 | _a_Child Growth and Development III Pre- Adolescence and Adolescence | ||
| 260 | _aNairobi Longhorn Kenya 2009 | ||
| 300 | _avi,59p.ill. | ||
| 650 | _a_Terms related to child development | ||
| 980 | _a^d20110126 03:21:29^okilerai | ||
| 999 |
_c6464 _d6464 |
||